000 00738nac a22002651ca4500
001 a987665625
008 170707s1996 gw |||| 000u ger d
041 _ager
245 0 0 _aEliten in Deutschland und Frankreich im 19. und 20. Jahrhundert :
_bStrukturen und Beziehungen
264 _aMünchen :
_bOldenbourg,
_c1996
300 _a2 Bände
650 0 _aGesellschaft
650 0 _aDemographie
650 0 _aAlltag
650 0 _aBildung
650 0 _aPolitische Kultur
651 0 _aFrankreich
700 1 _aDupeux, Louis
_eHerausgeberIn
700 1 _aHudemann, Rainer
_eHerausgeberIn
710 2 _aDeutsch-Französischen Historikerkomitees
942 _cMG
040 _cRU-10907106
003 RU-10907106
999 _c24279
_d24279